Welches Land passt nicht? #2 - Statistiken

Allgemein
  • Dieses Quiz wurde 100 mal gespielt
    66 seit der letzten Aktualisierung
  • Das Durchschnittsergebnis liegt bei 9 aus 15
Antwortstatistiken
Frage Antwort % Korrekt
Baltische Staaten Belarus
91%
Länder auf dem mittelamerikanischen Festland Haiti
84%
Inselstaaten der Karibik El Salvador
75%
Länder, die zur Sowjetunion gehörten Finnland
75%
Asiatische Länder am Mittelmeer Jordanien
75%
Europäische Binnenstaaten Rumänien
73%
Länder, die den Euro als offizielle Währung verwenden Ungarn
73%
Länder mit Gebiet im Himalaya Mongolei
62%
Länder Ozeaniens mit dem Union Jack in der Flagge Nauru
60%
Afrikanische Länder, die vom Äquator durchquert werden Sambia
60%
Länder an der Adria Griechenland
55%
Länder, die an Indonesien grenzen Brunei
51%
Länder am Kaspischen Meer Usbekistan
44%
Länder, die im Einzugsgebiet des Amazonas liegen Paraguay
42%
Länder, durch die der Niger fließt Burkina Faso
18%
Keine übereinstimmenden Quizze gefunden
Verteilung der Resultate
Anzahl Personen mit jedem Resultat
Perzentil nach korrekt beantworteten Fragen
Ihre Resultats-Entwicklung
Sie haben dieses Quiz seit der letzten Aktualisierung nicht gespielt